[Event "4th Gold Cup"]
[Site "Szombathely HUN"]
[Date "2004.04.22"]
[Round "4"]
[White "Madl,I"]
[Black "Ionica,I"]
[Result "1/2-1/2"]
[WhiteElo "2366"]
[BlackElo "2295"]

1.e4 c5 2.Nf3 e6 3.d4 cxd4 4.Nxd4 Nc6 5.Nc3 Qc7 6.Be3 a6 7.Bd3 Nf6 8.O-O Nxd4
9.Bxd4 Bc5 10.Bxf6 gxf6 11.Qg4 Kf8 12.Qh4 Kg7 13.Kh1 b5 14.Ne2 h5 15.Ng3 Bb7
16.Nxh5+ Kf8 17.Qg3 Qxg3 18.Nxg3 Rh4 19.h3 f5 20.f3 Bd6 21.Ne2 fxe4 22.fxe4 Bxe4
23.Bxe4 Rxe4 24.Nc3  1/2-1/2

[Event "6th Open"]
[Site "Dubai UAE"]
[Date "2004.04.24"]
[Round "6"]
[White "Efimenko,Z"]
[Black "Satyapragyan,S"]
[Result "1-0"]
[WhiteElo "2566"]
[BlackElo "2351"]

1.e4 c5 2.Nf3 Nc6 3.d4 cxd4 4.Nxd4 e6 5.Nc3 Qc7 6.Be3 a6 7.Bd3 b5 8.O-O Bb7
9.Qe2 Nf6 10.Kh1 Be7 11.f4 d6 12.a4 Nxd4 13.Bxd4 b4 14.Na2 e5 15.Bg1 a5 16.c3 bxc3
17.Nxc3 O-O 18.Rac1 Qd8 19.Bb5 exf4 20.Rxf4 Nd7 21.Rff1 Bf6 22.Nd5 Bxd5 23.exd5 Be5
24.b3 Nf6 25.Qf3 g6 26.Rc4 Nh5 27.b4 axb4 28.Rxb4 f5 29.Bc6 Rc8 30.Bb6 Qe7
31.a5 Nf6 32.Bg1 Ne4 33.Qh3 Nc5 34.Rfb1 Qg7 35.Bxc5 dxc5 36.Rb7 Rc7 37.a6 Rxb7
38.Bxb7 Bb8 39.Qe3 Kh8 40.Qxc5 Qh6 41.Qd4+ Kg8 42.d6 Qg7 43.Bd5+ Kh8 44.Qxg7+ Kxg7
45.d7  1-0

[Event "Bundesliga 2003-4"]
[Site "Koelln GER"]
[Date "2004.04.25"]
[Round "15"]
[White "Souleidis,G"]
[Black "Skripchenko,A"]
[Result "1/2-1/2"]
[WhiteElo "2398"]
[BlackElo "2456"]

1.e4 c5 2.Nf3 e6 3.d4 cxd4 4.Nxd4 Nc6 5.Nc3 Qc7 6.g3 a6 7.Bg2 Nf6 8.O-O Bc5
9.Nxc6 dxc6 10.Na4 Ba7 11.c4 Nd7 12.b4 a5 13.b5 e5 14.Rb1 Bd4 15.Bb2 c5 16.Bxd4 cxd4
17.c5 Nxc5 18.Rc1 b6 19.Qc2 Be6 20.Nxc5 bxc5 21.Qxc5 Qxc5 22.Rxc5 Bxa2 23.Rxe5+ Be6
24.Bh3 Ke7 25.Bxe6 fxe6 26.f4 Kf6 27.b6 a4 28.Rb5 Rhb8 29.Kf2 Ra6 30.b7 Ra7
31.Ra1 a3 32.Ke2 Rbxb7 33.Rxb7 Rxb7 34.Rxa3 Rb2+ 35.Kd3 Rxh2 36.Kxd4 Rg2
37.Ra6 g6 38.Ra7 Rxg3 39.Rxh7 Rf3 40.Rh4  1/2-1/2

[Event "TCh-RUS w"]
[Site "Sochi RUS"]
[Date "2004.04.25"]
[Round "6"]
[White "Galliamova,A"]
[Black "Vasilevich,I"]
[Result "1-0"]
[WhiteElo "2502"]
[BlackElo "2325"]

1.e4 c5 2.Nf3 e6 3.d4 cxd4 4.Nxd4 Nc6 5.Nc3 a6 6.g3 Qc7 7.Bg2 Nf6 8.O-O Bc5
9.Nb3 Ba7 10.Qe2 Ne5 11.Kh1 d6 12.Nd2 h5 13.f4 Neg4 14.Nf3 Qc5 15.e5 dxe5
16.fxe5 Nd7 17.Ne4 Qb6 18.c4 O-O 19.Bf4 Nc5 20.Nd6 f6 21.h3 fxe5 22.Nxe5 Nxe5
23.Bxe5 Bd7 24.Qxh5 Nd3 25.Be4  1-0

[Event "Corsica Hotels Masters"]
[Site "Bastia FRA"]
[Date "2004.04.26"]
[Round "1"]
[White "Skembris,S"]
[Black "Trabert,B"]
[Result "1/2-1/2"]
[WhiteElo "2439"]
[BlackElo "2277"]

1.e4 c5 2.Nf3 e6 3.d4 cxd4 4.Nxd4 Nc6 5.Nc3 Nf6 6.Ndb5 Bb4 7.a3 Bxc3+ 8.Nxc3 d5
9.Bd3 dxe4 10.Nxe4 Nxe4 11.Bxe4 Qxd1+ 12.Kxd1 e5 13.Be3 Be6 14.b4 f5 15.Bxc6+ bxc6
16.Re1 Kf7 17.f4 exf4 18.Bxf4 Rad8+ 19.Kc1 Rhe8 20.Kb2 Bd5 21.g3 Rxe1 22.Rxe1 Re8
23.Rxe8 Kxe8 24.Kc3 h6 25.h4 Kd7 26.Kd4 Bf3 27.Kc5 Be2 28.c4 a6 29.a4 g5
30.hxg5 hxg5 31.Bxg5 Kc7 32.Bf4+ Kb7 33.b5 cxb5 34.axb5 axb5 35.Kxb5 Kc8
36.Kc5 Kd7 37.Kd5 Bf3+ 38.Ke5 Be2 39.Kxf5 Bxc4 40.g4 Be6+ 41.Kg5 Bxg4 42.Kxg4  1/2-1/2

[Event "6th Open"]
[Site "Dubai UAE"]
[Date "2004.04.27"]
[Round "8"]
[White "Ramesh,R"]
[Black "Satyapragyan,S"]
[Result "1-0"]
[WhiteElo "2493"]
[BlackElo "2351"]

1.e4 c5 2.Nf3 Nc6 3.d4 cxd4 4.Nxd4 e6 5.Nc3 Qc7 6.Be3 a6 7.Qd2 Nf6 8.O-O-O Bb4
9.f3 Na5 10.Nb3 b5 11.a3 Bxc3 12.Qxc3 Qxc3 13.bxc3 Nc4 14.Bxc4 bxc4 15.Na5 d5
16.exd5 Nxd5 17.Bd4 O-O 18.Nxc4 Bd7 19.Nd6 Bc6 20.c4 Nf4 21.Rd2 Rfd8 22.Bb6 Rd7
23.Rhd1 Rb8 24.Ba5 f6 25.c5 Nd5 26.Re1 e5 27.g3 g6 28.Rd3 Ne7 29.f4 exf4
30.gxf4 Nd5 31.Rd4 Nc7 32.Bxc7 Rxc7 33.Re6 f5 34.Rd3 a5 35.h4 Kg7  1-0

[Event "6th Open"]
[Site "Dubai UAE"]
[Date "2004.04.27"]
[Round "8"]
[White "Al Sayed,Mohamad"]
[Black "Mchedlishvili,M"]
[Result "1-0"]
[WhiteElo "2426"]
[BlackElo "2543"]

1.e4 c5 2.Nf3 e6 3.d4 cxd4 4.Nxd4 Nc6 5.Nc3 Qc7 6.Nb3 Nf6 7.Bd3 a6 8.f4 d6
9.Be3 b5 10.Qf3 Bb7 11.O-O Be7 12.Qh3 Nb4 13.a3 Nxd3 14.cxd3 Rc8 15.g4 h5
16.g5 Ng4 17.f5 exf5 18.Nd4 f4 19.Rxf4 Bxg5 20.Nf5 Nxe3 21.Qxe3 g6 22.Qd4 gxf5
23.Qxh8+ Ke7 24.Qxh5 Bxf4 25.Qh4+ Ke8 26.Qxf4 Qc5+ 27.Kf1 fxe4 28.Nxe4 Bxe4
29.Qxe4+ Kf8 30.Re1 Qg5 31.Qe3 Qf5+ 32.Kg1 Rc2 33.Qh6+  1-0

[Event "TCh-RUS 1st Liga"]
[Site "Sochi RUS"]
[Date "2004.04.27"]
[Round "8"]
[White "Shomoev,A"]
[Black "Pugachov,A"]
[Result "1-0"]
[WhiteElo "2487"]
[BlackElo "2453"]

1.e4 c5 2.Nf3 e6 3.d4 cxd4 4.Nxd4 Nc6 5.Nc3 Qc7 6.Be2 a6 7.O-O Nf6 8.Be3 Bb4
9.Na4 Be7 10.Nxc6 bxc6 11.Nb6 Rb8 12.Nxc8 Qxc8 13.Bd4 O-O 14.e5 Nd5 15.c4 Nf4
16.g3 c5 17.Bc3 Nh3+ 18.Kg2 Ng5 19.Bd3 Qc6+ 20.f3 f5 21.Qe2 Nf7 22.Rad1 Bg5
23.Kg1 Qc7 24.f4 Be7 25.Bc2 Nd8 26.Ba4 Nc6 27.Bxc6 Qxc6 28.Rd3 Rf7 29.Rfd1 Rb7
30.Qg2 Qc8 31.Qd2 Bf8 32.Ba5 h6 33.h4 Qc6 34.h5 Kh7 35.Bc3 Kg8 36.Qg2 Qc8
37.Ba5 Kh7 38.R1d2 Kg8 39.Qf3 Qb8 40.Qg2 Qc8 41.Kf1 Kh7 42.Ke1 Kh8 43.Kd1 Kg8
44.Kc1 Kh8 45.Qf3 Kg8 46.Ra3 Kh8 47.Rdd3 Kh7 48.Kc2 Kh8 49.Rab3 Rxb3 50.Rxb3 d6
51.exd6 Bxd6 52.Rb6 Bf8 53.Qc6 Qd8 54.Bc3 a5 55.Ra6 Rc7 56.Qxe6 Re7 57.Qd5 Re2+
58.Kd3  1-0

[Event "TCh-RUS w"]
[Site "Sochi RUS"]
[Date "2004.04.28"]
[Round "9"]
[White "Kovalevskaya,E"]
[Black "Mashinskaya,I"]
[Result "1-0"]
[WhiteElo "2467"]
[BlackElo "2253"]

1.e4 c5 2.Nf3 e6 3.Nc3 Nc6 4.d4 cxd4 5.Nxd4 Nf6 6.Nxc6 bxc6 7.e5 Nd5 8.Ne4 Qa5+
9.c3 f5 10.exf6 Nxf6 11.Nd6+ Bxd6 12.Qxd6 Ba6 13.Bxa6 Qxa6 14.Be3 O-O-O 15.O-O-O Nd5
16.Kb1 Rhf8 17.Bd4 Kb7 18.Rd2 g6 19.Rc1 Qa5 20.Be5 Ka8 21.Bg3 Nb6 22.c4 Rb8
23.Qd3 e5 24.Re2 Rfe8 25.b3 Qc5 26.f3 d6 27.Bf2 Qa3 28.c5 dxc5 29.Bxc5 Qa5
30.Qd6 Rbc8 31.Rxe5 Red8 32.Bxb6 Qxb6 33.Qc5 Qa6 34.Qc2 Rd6 35.Rc5 Kb7 36.Qe4 Rd2
37.Qb4+  1-0

[Event "It"]
[Site "Zalaegerszeg HUN"]
[Date "2004.04.30"]
[Round "7"]
[White "Korneev,O"]
[Black "Horvath,Ad1"]
[Result "1-0"]
[WhiteElo "2573"]
[BlackElo "2517"]

1.e4 c5 2.Nf3 Nc6 3.d4 cxd4 4.Nxd4 e6 5.Nc3 Qc7 6.Be3 a6 7.Qd2 Nf6 8.O-O-O Bb4
9.f3 Ne7 10.Nde2 d5 11.Bg5 dxe4 12.Bxf6 gxf6 13.Qd4 exf3 14.Qxb4 fxe2 15.Bxe2 f5
16.Rd6 Bd7 17.Rhd1 Bc6 18.Qd4 O-O 19.g4 fxg4 20.Qxg4+ Ng6 21.h4 Rad8 22.Rxd8 Rxd8
23.Rxd8+ Qxd8 24.h5 f5 25.Qg1 Qf6 26.a4 Kg7 27.hxg6 hxg6 28.Qc5 Qf8 29.Qe5+ Qf6
30.Qc7+ Qf7 31.Qd6 f4 32.Ne4 f3 33.Qe5+  1-0

[Event "68th ch-BUL"]
[Site "Sofia BUL"]
[Date "2004.05.01"]
[Round "9"]
[White "Spasov,V"]
[Black "Dimitrov,V"]
[Result "1/2-1/2"]
[WhiteElo "2542"]
[BlackElo "2459"]

1.e4 c5 2.Nf3 e6 3.d4 cxd4 4.Nxd4 Nc6 5.Nc3 Qc7 6.f4 a6 7.Nxc6 Qxc6 8.Bd3 b5
9.Qe2 Bb7 10.Bd2 Bc5  1/2-1/2

[Event "68th ch-BUL"]
[Site "Sofia BUL"]
[Date "2004.05.01"]
[Round "10"]
[White "Spasov,V"]
[Black "Cheparinov,I"]
[Result "1/2-1/2"]
[WhiteElo "2542"]
[BlackElo "2555"]

1.e4 c5 2.Nf3 e6 3.d4 cxd4 4.Nxd4 Nc6 5.Nc3 Qc7 6.f4 Nxd4 7.Qxd4 a6 8.Be3 b5
9.O-O-O Bb7 10.Bd3 Rc8 11.Kb1 Nf6 12.e5 Nd5 13.Ne4 Be7 14.Nd6+ Bxd6 15.exd6 Qxd6
16.Qxg7 Qf8 17.Qd4 f5 18.Rhe1 Rg8 19.g3 Bc6 20.Bd2 Kf7 21.Be2 Nf6 22.Bc3 Qh6
23.Bd3 Nd5 24.Re5 Nxc3+ 25.Qxc3 d6 26.Ree1 Bf3 27.Qd4 Bxd1 28.Qa7+ Kf6 29.Qd4+ Kf7
30.Qa7+ Kf6  1/2-1/2

[Event "Mitropa Cup"]
[Site "Zemplinska Sirava SVK"]
[Date "2004.05.01"]
[Round "4"]
[White "Brkic,A"]
[Black "Braun,A"]
[Result "1-0"]
[WhiteElo "2427"]
[BlackElo "2455"]

1.e4 c5 2.Nf3 e6 3.d4 cxd4 4.Nxd4 Nc6 5.Nc3 Qc7 6.Be2 a6 7.O-O Nf6 8.Be3 Bb4
9.Na4 Be7 10.Nxc6 bxc6 11.Nb6 Rb8 12.Nxc8 Qxc8 13.Bd4 c5 14.Be5 Rb6 15.Qd3 d6
16.Bc3 O-O 17.b3 Nd7 18.Rad1 Bf6 19.Ba5 Rc6 20.Qg3 Be7 21.Bc3 g6 22.f4 c4
23.b4 Qb7 24.f5 e5 25.fxg6 hxg6 26.Bd2 Nf6 27.Qf3 Kg7 28.c3 Rcc8 29.Bg5 Nh5
30.Bxe7 Qxe7 31.g3 Rc6 32.Rf2 Qg5 33.Rdf1 Nf4 34.h4 Nxe2+ 35.Rxe2 Qe7 36.Ref2 Rc7
37.Qg4 Qd7 38.Qg5 Qe6 39.Rf6 Qh3 40.Rxd6 Re8 41.Rff6 Rce7 42.Rxg6+ fxg6 43.Rxg6+ Kh8
44.Qf6+  1-0

[Event "1st ACP Women Blitz"]
[Site "playchess.com INT"]
[Date "2004.05.02"]
[Round "2"]
[White "Veroci,Z"]
[Black "Skripchenko,A"]
[Result "0-1"]
[WhiteElo "2315"]
[BlackElo "2456"]

1.e4 c5 2.Nf3 e6 3.d4 cxd4 4.Nxd4 Nc6 5.Nc3 Qc7 6.g3 a6 7.Bg2 Nf6 8.O-O Bc5
9.Nb3 Ba7 10.Qe2 d6 11.Be3 Bxe3 12.Qxe3 Ne5 13.Qe2 Nc4 14.Nd1 Bd7 15.f4 Bb5
16.Nd4 Bd7 17.b3 Na5 18.c4 Nc6 19.Nxc6 Bxc6 20.Nc3 O-O 21.Rad1 Rfd8 22.f5 Rab8
23.fxe6 fxe6 24.Bh3 Qe7 25.e5 dxe5 26.Qxe5 Kh8 27.Qxe6 Qc5+ 28.Rf2 Rxd1+
29.Nxd1 Re8 30.Qf5 Re1+ 31.Bf1 Qxf5 32.Rxf5 Rxd1 33.b4 Be4 34.Rf4 Bd3 35.Rd4 Rxf1+
36.Kg2 Be2 37.Rd8+ Ng8 38.c5 Rf7 39.a4 h6 40.Rd6 Kh7 41.Rb6 Bf3+ 42.Kg1 Nf6
43.b5 axb5 44.axb5 Rc7  0-1

[Event "It"]
[Site "Zalaegerszeg HUN"]
[Date "2004.05.02"]
[Round "9"]
[White "Balogh,C"]
[Black "Korneev,O"]
[Result "1-0"]
[WhiteElo "2468"]
[BlackElo "2573"]

1.e4 c5 2.Nf3 e6 3.d4 cxd4 4.Nxd4 Nc6 5.Nc3 Qc7 6.Be2 a6 7.O-O Nf6 8.Kh1 h5
9.Nxc6 bxc6 10.f4 d5 11.e5 Ng4 12.Bxg4 hxg4 13.Qxg4 g6 14.Nd1 Bb7 15.Nf2 c5
16.c3 Be7 17.Bd2 O-O-O 18.Rac1 Qc6 19.b4 Rh4 20.Qf3 Qb5 21.Qg3 Rh5 22.bxc5 Rdh8
23.h3 Qe2 24.Qe3 Qc4 25.Qd4 Bxc5 26.Qxc4 dxc4 27.Kh2 Rd8 28.Rc2 Rhh8 29.Bc1 Kc7
30.Re1 Bxf2 31.Rxf2 Rd3 32.Rc2 Bc6 33.Ba3 Ba4 34.Bd6+ Kc6 35.Rb2 Rxc3 36.Rb4 Bc2
37.Rc1 Kd5 38.Rb2 a5 39.Rbxc2 Rxc2 40.Rxc2 Kd4 41.g4 c3 42.Kg3 Kd3 43.Rh2 c2
44.Ba3 Kc3 45.h4 Rd8 46.h5 Rd3+ 47.Kh4 gxh5 48.gxh5 Rf3 49.h6 Rxf4+ 50.Kg3 Ra4
51.Bc1 Rxa2 52.h7 Ra1 53.Bd2+  1-0

[Event "Mitropa Cup"]
[Site "Zemplinska Sirava SVK"]
[Date "2004.05.02"]
[Round "5"]
[White "Papa,S"]
[Black "Prusikin,M"]
[Result "1-0"]
[WhiteElo "2405"]
[BlackElo "2518"]

1.e4 c5 2.Nf3 e6 3.d4 cxd4 4.Nxd4 Nc6 5.Nc3 d6 6.g4 a6 7.Be3 Nge7 8.Nb3 b5
9.g5 Bb7 10.Qe2 Qc7 11.f4 g6 12.O-O-O Bg7 13.Qd2 Rd8 14.Bg2 Na5 15.Nxa5 Qxa5
16.Kb1 Nc6 17.h4 Bxc3 18.Qxc3 Qxc3 19.bxc3 Ke7 20.Rd3 Rd7 21.Rhd1 Na5 22.Bd4 Rc8
23.Bf6+ Ke8 24.Rxd6 Rcc7 25.R6d4 Nc4 26.Bf3 Rxd4 27.Bxd4 Rd7 28.Kc1 Bc6 29.h5 gxh5
30.Rh1 Kf8 31.Rxh5 Kg8 32.Rh2 e5 33.fxe5 Re7 34.Rh6 Bb7 35.Bg2 Re6 36.Kd1 Kg7
37.Ke2 Rxh6 38.e6+ f6 39.gxh6+ Kxh6 40.Bxf6 Kg6 41.Bh4 Kh5 42.Bd8 Kg4 43.Bf3+ Kf4
44.e7  1-0

[Event "Mitropa Cup"]
[Site "Zemplinska Sirava SVK"]
[Date "2004.05.03"]
[Round "6"]
[White "Libiszewski,F"]
[Black "Laznicka,V"]
[Result "0-1"]
[WhiteElo "2441"]
[BlackElo "2450"]

1.e4 c5 2.Nf3 Nc6 3.Nc3 e6 4.d4 cxd4 5.Nxd4 Qc7 6.Be3 a6 7.Qd2 Nf6 8.O-O-O Bb4
9.f3 Ne5 10.Nb3 b5 11.Bd4 Be7 12.Qf2 d6 13.Kb1 Bb7 14.Bd3 O-O 15.g4 Nfd7
16.f4 b4 17.Ne2 Nxd3 18.cxd3 e5 19.Be3 d5 20.d4 Nf6 21.dxe5 Nxe4 22.Qe1 a5
23.Nbd4 a4 24.Rc1 Qd7 25.Nf5 a3 26.b3 Ba6 27.Bd4 Rfc8 28.Neg3 Bf8 29.Qe3 g6
30.Nd6 Nxd6 31.exd6 Qxd6 32.Rcg1 Qe6 33.Qd2 Qxg4 34.Ka1 Qf3 35.h4 Qd3 36.Qxd3 Bxd3
37.f5 Bc5 38.Bxc5 Rxc5 39.h5 d4 40.hxg6 fxg6 41.fxg6 hxg6 42.Nh5 Rf8 43.Nf6+ Rxf6
44.Rh8+ Kf7 45.Rh7+ Ke6 46.Re1+ Kf5 47.Rh2 Be4 48.Rd2 Rfc6  0-1

[Event "Mitropa Cup"]
[Site "Zemplinska Sirava SVK"]
[Date "2004.05.05"]
[Round "8"]
[White "Mrva,Mart"]
[Black "Braun,A"]
[Result "1-0"]
[WhiteElo "2471"]
[BlackElo "2455"]

1.e4 c5 2.Nf3 e6 3.d4 cxd4 4.Nxd4 Nc6 5.Nc3 Qc7 6.g3 a6 7.Bg2 Nf6 8.O-O Nxd4
9.Qxd4 Bc5 10.Bf4 d6 11.Qd2 h6 12.Rfd1 e5 13.Be3 Bg4 14.Bxc5 dxc5 15.Re1 O-O
16.a4 Be6 17.a5 Rad8 18.Nd5 Bxd5 19.exd5 Rfe8 20.c4 Re7 21.b4 Ne8 22.Qe3 cxb4
23.c5 Rc8 24.d6 Nxd6 25.cxd6 Qxd6 26.Rad1 Qf6 27.Qb3 b6 28.Qxb4 bxa5 29.Qxa5 Rce8
30.Be4 h5 31.h4 g5 32.hxg5 Qxg5 33.Qd2 Qg7 34.Kg2 h4 35.Rh1 hxg3 36.Rh3 Qf6
37.Rxg3+ Kf8 38.Rh1  1-0

[Event "Capablanca Mem Premier I"]
[Site "Havana CUB"]
[Date "2004.05.08"]
[Round "3"]
[White "Bluvshtein,M"]
[Black "Garcia Martinez,S"]
[Result "1-0"]
[WhiteElo "2463"]
[BlackElo "2355"]

1.e4 c5 2.Nf3 e6 3.d4 cxd4 4.Nxd4 Nc6 5.Nc3 Qc7 6.Be3 Nf6 7.Qd2 Nxd4 8.Qxd4 Ng4
9.Nb5 Qb8 10.Qc3 Nxe3 11.fxe3 Kd8 12.e5 a6 13.Nd6 Bxd6 14.exd6 Qxd6 15.Qxg7 Qb4+
16.c3 Qf8 17.Qf6+ Kc7 18.Be2 b6 19.O-O Bb7 20.Qf4+ Kc8 21.Rad1 f5 22.Qd4 Qd8
23.Bf3 Ra7 24.e4 fxe4 25.Bxe4 Bxe4 26.Qxe4 Qe7 27.Qf4 Rc7 28.Rd6 Rg8 29.Rfd1 Rb7
30.Qc4+ Kb8 31.Qxa6 b5 32.Qxb7+  1-0

[Event "7th United Insurance"]
[Site "Dhaka BAN"]
[Date "2004.05.10"]
[Round "5"]
[White "Abu Sufian,S"]
[Black "Sharma,D"]
[Result "0-1"]
[WhiteElo "2325"]
[BlackElo "2369"]

1.e4 c5 2.Nc3 Nc6 3.Nf3 e6 4.d4 cxd4 5.Nxd4 a6 6.Be3 Qc7 7.Be2 b5 8.Nxc6 Qxc6
9.Bf3 Bb7 10.O-O d6 11.a3 Qc7 12.Bd4 Nf6 13.Qe2 e5 14.Be3 h6 15.g3 Be7 16.Bg2 Rc8
17.f4 Qc4 18.Qf3 O-O 19.Rf2 Rfe8 20.Re1 Bf8 21.g4 exf4 22.Bxf4 d5 23.Rfe2 dxe4
24.Qg3 Bxa3 25.bxa3 Qxc3 26.g5 Nh5 27.Qxc3 Rxc3 28.Bd2 Rxa3 29.gxh6 f5 30.hxg7 Nxg7
31.Kf2 Ne6 32.Bb4 Ra2 33.Bh3 Nd4 34.Rd2 Nf3 35.Bxf5 Nxe1 36.Kxe1 e3 37.Rd7 Be4
38.Rd8  0-1

[Event "Capablanca Mem Elite"]
[Site "Havana CUB"]
[Date "2004.05.10"]
[Round "4"]
[White "Gonzalez,Y"]
[Black "Maiwald,JU"]
[Result "1/2-1/2"]
[WhiteElo "2481"]
[BlackElo "2543"]

1.e4 c5 2.Nf3 e6 3.d4 cxd4 4.Nxd4 Nc6 5.Nc3 Qc7 6.Be3 a6 7.Qd2 Nxd4 8.Qxd4 b5
9.O-O-O Bb7 10.Rd2 Nf6 11.f3 Rc8 12.Bf2 e5 13.Qe3 Bb4 14.a3 Bxc3 15.Qxc3 Qxc3
16.bxc3 Rxc3 17.Kb2 Rc6 18.Be2 Ke7 19.a4 bxa4 20.Ra1 Rb8 21.Rxa4 Bc8+ 22.Kc1 d6
23.Rd3 Be6 24.Rd2 Bc8 25.Rd3 Ne8 26.Rda3 Nc7 27.Ra5 h6 28.Bd3 g5 29.Be3 Kf6
30.Ra1 Kg6 31.Kd2 f5 32.R5a4 Kf6 33.Bc4 f4 34.Bf2 h5 35.g3 fxg3 36.hxg3 Kg6
37.Bd3 Kh6 38.Be3 Kg6 39.Bf2  1/2-1/2

[Event "7th United Insurance"]
[Site "Dhaka BAN"]
[Date "2004.05.12"]
[Round "8"]
[White "Visweswaran,K"]
[Black "Hasan,Me"]
[Result "1-0"]
[WhiteElo "2299"]
[BlackElo "2243"]

1.e4 c5 2.Nf3 e6 3.d4 cxd4 4.Nxd4 Nc6 5.Nc3 Qc7 6.Be2 a6 7.O-O Nf6 8.Be3 Bb4
9.Na4 Be7 10.c4 Nxe4 11.c5 O-O 12.Rc1 Rb8 13.f4 f5 14.Bf3 Nf6 15.Kh1 Kh8
16.b3 Rd8 17.Qe2 Ne8 18.Nb6 Bf6 19.Nxc6 bxc6 20.Nc4 a5 21.Qd2 Ba6 22.Rfe1 Bxc4
23.Rxc4 Rb5 24.h3 Be7 25.Bd4 Nf6 26.Be5 Qa7 27.g4 fxg4 28.hxg4 Bxc5 29.g5 Ng8
30.Be4 Bf2 31.Re2 Rd5 32.Bxd5 exd5 33.Rc3 d6 34.Rxf2 dxe5 35.fxe5 Qd7 36.Qf4 d4
37.Rd3 c5 38.Qe4 Ne7 39.e6 Qd5 40.Qxd5 Nxd5 41.Rf7 Kg8 42.Rd7  1-0

[Event "CXSP Open"]
[Site "Sao Paulo BRA"]
[Date "2004.05.14"]
[Round "9"]
[White "Matsuura,E"]
[Black "Leitao,R"]
[Result "1/2-1/2"]
[WhiteElo "2473"]
[BlackElo "2564"]

1.e4 c5 2.Nf3 e6 3.d4 cxd4 4.Nxd4 Nc6 5.Nc3 a6 6.Be2 d6 7.O-O Nf6 8.Be3 Be7
9.f4 O-O 10.Qe1 Bd7 11.Qg3 b5 12.e5 Nxd4 13.Bxd4 dxe5 14.Bxe5 g6 15.Bf3 Bc6
16.Kh1 Bxf3 17.Qxf3 Qb6 18.Ne4 Nxe4 19.Qxe4 Rad8 20.Rad1 Rxd1  1/2-1/2

[Event "5th IECC"]
[Site "Antalya TUR"]
[Date "2004.05.15"]
[Round "1"]
[White "Smeets,J"]
[Black "Yildiz,B"]
[Result "1-0"]
[WhiteElo "2531"]
[BlackElo "2108"]

1.e4 c5 2.Nf3 e6 3.d4 cxd4 4.Nxd4 Nc6 5.Nc3 a6 6.Nxc6 bxc6 7.e5 Qa5 8.f4 c5
9.Bd3 Bb7 10.O-O Ne7 11.Be4 Qc7 12.b3 Nc6 13.Bb2 Be7 14.Qg4 g6 15.Rad1 Nd4
16.Rd2 f5 17.exf6 Bxf6 18.Re1 O-O 19.Bxb7 Qxb7 20.Ne4 Bg7 21.Nxc5 Qc7 22.Bxd4 Bxd4+
23.Rxd4 Qxc5 24.Rd1 Rf5 25.c4 Raf8 26.g3 d6 27.Kg2 e5 28.Rd5 Qc6 29.Qf3 g5
30.Rxd6 Qxf3+ 31.Kxf3 exf4 32.R1d5 fxg3+ 33.Rxf5 Rxf5+ 34.Kxg3 a5 35.a3  1-0

[Event "5th IECC"]
[Site "Antalya TUR"]
[Date "2004.05.15"]
[Round "1"]
[White "Erturan,Y"]
[Black "Stefansson,H"]
[Result "0-1"]
[WhiteElo "2273"]
[BlackElo "2567"]

1.e4 c5 2.Nf3 Nc6 3.d4 cxd4 4.Nxd4 e6 5.Nc3 Qc7 6.g3 a6 7.Bg2 d6 8.O-O Nf6
9.Nxc6 bxc6 10.Na4 Bb7 11.c4 c5 12.Nc3 Be7 13.Qe2 O-O 14.Bf4 Nd7 15.Rad1 Ne5
16.Rd2 Nc6 17.Qh5 Nd4 18.Be3 Bf6 19.f4 Rab8 20.g4 g6 21.Qh3 Qe7 22.Rdf2 Rfe8
23.e5 Bg7 24.Bxb7 Qxb7 25.f5 exf5 26.Nd5 Bxe5 27.gxf5 Nxf5 28.Rxf5 gxf5 29.Qxf5 Qxb2
30.Bf4 Kh8 31.Kh1 Rg8 32.Qh3 Bxf4 33.Rxf4 Qb1+ 34.Rf1 Qe4+  0-1

[Event "29th Elekes Mem GM"]
[Site "Budapest HUN"]
[Date "2004.05.15"]
[Round "1"]
[White "Medvegy,N"]
[Black "Medvegy,Z"]
[Result "1/2-1/2"]
[WhiteElo "2367"]
[BlackElo "2455"]

1.e4 c5 2.Nf3 Nc6 3.Nc3 e6 4.d4 cxd4 5.Nxd4 a6 6.Be3 Qc7 7.Be2 b5 8.Nxc6 dxc6
9.O-O Nf6 10.a3 e5 11.f4 Bd6 12.f5 Bb7 13.Qe1 c5 14.Bf3 c4 15.Bg5 Be7 16.Bxf6 Bxf6
17.Rd1 O-O 18.Nd5 Bxd5 19.exd5 Rad8 20.Be4 Be7 21.Kh1 f6  1/2-1/2

[Event "22nd LIE-Open"]
[Site "Triesen LIE"]
[Date "2004.05.16"]
[Round "3"]
[White "Berescu,A"]
[Black "Bosiocic,Mari"]
[Result "1/2-1/2"]
[WhiteElo "2400"]
[BlackElo "2285"]

1.e4 c5 2.Nf3 Nc6 3.d4 cxd4 4.Nxd4 e6 5.Nc3 Qc7 6.g3 a6 7.Bg2 Nf6 8.O-O Bc5
9.Nxc6 dxc6 10.Na4 Ba7 11.c4 Nd7 12.b4 a5 13.b5 e5 14.Rb1 Bd4 15.Bb2 c5 16.b6 Qc6
17.Bxd4 cxd4 18.c5 O-O 19.Rc1 Qe6 20.f4 Qxa2 21.f5 f6 22.Rf2 Qf7 23.Bf1 Kh8
24.Bc4 Qe7 25.Bd5 Nb8 26.Nb2 Nc6 27.Bxc6 bxc6 28.Qa4 Bb7 29.Qa3 Ba6 30.Qxa5 Bb5
31.Qb4 Rfb8 32.Qb3 Ra6 33.Nd3 Rba8 34.Nb4 Ra3 35.Qb1 Rc3 36.Rxc3 dxc3 37.b7 Qxb7
38.Qc1 Qd7 39.Qxc3 Qd1+ 40.Kg2 Ra1 41.Qf3 Qh1+ 42.Kh3 Qxf3 43.Rxf3 Re1 44.Ra3 h6
45.Nc2 Bf1+ 46.Kg4 Rxe4+ 47.Kf3 Rc4 48.Ne3 Rc1 49.Nxf1 Rxf1+ 50.Kg4 Rc1 51.Kh5 Kh7
52.Ra5 Rc2 53.h4 Rc4 54.g4 Rc2 55.Ra7 e4 56.g5 hxg5 57.hxg5 Rh2+ 58.Kg4 Rg2+
59.Kf4 Rxg5 60.Rc7 e3 61.Rxc6 e2 62.Re6 g6 63.fxg6+ Rxg6 64.Rxe2  1/2-1/2

[Event "5th IECC"]
[Site "Antalya TUR"]
[Date "2004.05.17"]
[Round "3"]
[White "Guseinov,G"]
[Black "Macieja,B"]
[Result "1/2-1/2"]
[WhiteElo "2548"]
[BlackElo "2633"]

1.e4 c5 2.Nf3 Nc6 3.Nc3 e6 4.d4 cxd4 5.Nxd4 Qc7 6.g3 a6 7.Bg2 Nf6 8.O-O Nxd4
9.Qxd4 Bc5 10.Bf4 d6 11.Qd2 h6 12.Rad1 e5 13.Be3 Be6 14.Bxc5 dxc5 15.f4 O-O
16.Nd5 Bxd5 17.exd5 Qd6 18.fxe5 Qxe5 19.c4 Qd6 20.Rfe1 Rfd8 21.Qf4 Kf8 22.Rb1 Ne8
23.Re5 Qb6 24.b3 Nf6 25.Rf5 Qd6 26.Qf2 b5 27.Rf1 bxc4 28.bxc4 Kg8 29.h3 Rab8
30.g4 Rb6 31.g5 hxg5 32.Rxg5 Rdb8 33.h4 Rb1 34.Qg3 Qxg3 35.Rxg3 Ne8 36.Ra3 Nd6
37.Rxa6 Nxc4 38.Rxb1  1/2-1/2

[Event "5th IECC"]
[Site "Antalya TUR"]
[Date "2004.05.18"]
[Round "4"]
[White "Macieja,B"]
[Black "Halkias,S"]
[Result "1/2-1/2"]
[WhiteElo "2633"]
[BlackElo "2541"]

1.e4 c5 2.Nf3 Nc6 3.Nc3 e6 4.d4 cxd4 5.Nxd4 Nf6 6.Nxc6 bxc6 7.e5 Nd5 8.Ne4 Qa5+
9.Bd2 Qb6 10.c4 Qxb2 11.cxd5 Qxe5 12.Bd3 cxd5 13.f4 Qd4 14.Nf2 Bc5 15.Rf1 e5
16.fxe5 O-O 17.Rc1 d6 18.Qc2 Qxe5+ 19.Kd1 Qxh2 20.Rh1 Bg4+ 21.Be2 Bxe2+ 22.Kxe2 Qe5+
23.Kf1 h6 24.Rh3 Rfe8 25.Qd3 Re6 26.Rf3 Rae8 27.g3 Qh5 28.Qf5 Qxf5 29.Rxf5 Re2
30.Re1 Rxe1+ 31.Bxe1 Re3 32.Nd1 Ra3 33.Nc3 d4 34.Ne4 Bb6 35.Nxd6 Rxa2 36.Rd5 Ra4
37.Nf5 Rc4 38.Bf2 a5 39.Bxd4 Bxd4 40.Nxd4 a4 41.Ne2 g5 42.Kf2 Kg7 43.Kf3 Kg6
44.g4 f6 45.Rd6 Rb4 46.Ra6 Rb3+ 47.Kf2 a3 48.Ng3 Rb2+ 49.Ke3 a2 50.Ne2 Rb4
51.Nd4 Rb2 52.Ne2 h5 53.gxh5+ Kxh5 54.Nc1 f5 55.Rxa2 Rxa2 56.Nxa2 Kg4 57.Kf2 f4
58.Nc3 Kf5 59.Ne2 Ke5  1/2-1/2

[Event "22nd LIE-Open"]
[Site "Triesen LIE"]
[Date "2004.05.18"]
[Round "5"]
[White "Buergi,O"]
[Black "Vucic,M"]
[Result "0-1"]
[WhiteElo "2187"]
[BlackElo "2413"]

1.e4 c5 2.Nf3 e6 3.d4 cxd4 4.Nxd4 Nc6 5.Nc3 Qc7 6.g3 a6 7.Bg2 d6 8.O-O Bd7
9.Nb3 Be7 10.Qe2 Nf6 11.f4 O-O 12.g4 Bc8 13.g5 Nd7 14.Be3 Re8 15.Qh5 Bf8
16.f5 g6 17.Qh3 Bg7 18.Rad1 Nde5 19.Rf4 Nc4 20.Bc1 Ne7 21.Rh4 exf5 22.Rxh7 f4
23.Rxg7+ Kxg7 24.Qh6+ Kg8 25.Rf1 d5 26.Rxf4 Qe5 27.Rf6 Bf5 28.Qh4 Bxe4 29.Bf4 Nf5
30.Qf2 Qe7 31.Nxd5 Bxd5 32.Bxd5 Qe1+ 33.Qxe1 Rxe1+ 34.Kf2 Rf1+ 35.Kxf1 Nce3+
36.Bxe3 Nxe3+ 37.Kf2 Nxd5 38.Rd6 Nf4 39.Rd7 b5 40.c3 Nh3+ 41.Kg3 Nxg5 42.Kf4 Ne6+
43.Ke5 Kg7 44.Rd2 Re8 45.Kd6 Ng5 46.Kc6 Ne4 47.Rd4 f5 48.Nd2 Re6+ 49.Kc7 g5
50.Nxe4 fxe4 51.Kd7 Kf6 52.Rd1 Ke5 53.Rg1 Rg6 54.b3 e3 55.c4 bxc4 56.bxc4 Rg7+
57.Kc6 Kd4 58.Rg4+ Kd3 59.Kd5 Rd7+ 60.Ke6 Rd4 61.Rxg5 e2 62.Re5 Re4  0-1

[Event "29th Elekes Mem IM"]
[Site "Budapest HUN"]
[Date "2004.05.19"]
[Round "5"]
[White "Benda,H"]
[Black "Wendt,J"]
[Result "1/2-1/2"]
[WhiteElo "2283"]
[BlackElo "2304"]

1.e4 c5 2.Nf3 e6 3.d4 cxd4 4.Nxd4 Nc6 5.Nc3 d6 6.Be2 Nf6 7.Be3 Be7 8.O-O O-O
9.f4 a6 10.a4 Qc7 11.Kh1 Bd7 12.Qe1 Nxd4 13.Bxd4 Bc6 14.Bd3 e5 15.fxe5 dxe5
16.Qg3 Bd6 17.Rxf6 exd4 18.Rxd6 dxc3 19.bxc3 Rae8 20.e5 Re7 21.Rf1 Rfe8 22.Rf5 g6
23.h4 Kh8 24.Qg5 gxf5 25.Qf6+ Kg8 26.Qg5+ Kh8  1/2-1/2

[Event "TCh-SCG"]
[Site "Petrovac SCG"]
[Date "2004.05.19"]
[Round "4"]
[White "Civric,Z"]
[Black "Sparic,N"]
[Result "1-0"]
[WhiteElo "2175"]
[BlackElo "2247"]

1.e4 c5 2.Nf3 e6 3.d4 cxd4 4.Nxd4 Nc6 5.Nc3 Qc7 6.Be2 Nf6 7.O-O Be7 8.Kh1 a6
9.f4 d6 10.Be3 Bd7 11.Qe1 b5 12.a3 Na5 13.Rd1 Nc4 14.Bc1 Rc8 15.Qg3 g6 16.Rd3 e5
17.Nb3 Bc6 18.Nd5 Bxd5 19.exd5 e4 20.Rd4 Nb6 21.c3 Nbxd5 22.f5 Qd7 23.c4 bxc4
24.Bxc4 Nc7 25.fxg6 fxg6 26.Bg5 Rf8 27.Bxf6 Bxf6 28.Rxd6 Qe7 29.Rc6 Be5 30.Rxf8+ Kxf8
31.Qe1 Rd8 32.g3 Kg7 33.Qxe4 Rf8 34.Nc5 Kh8 35.Nxa6 Nxa6 36.Rxa6  1-0